La naturaleza del hombre a la luz de su origen biológico / (Record no. 40844)

MARC details
000 -CABECERA
campo de control de longitud fija 00664nam a2200229 a 4500
005 - FECHA Y HORA DE LA ÚLTIMA TRANSACCIÓN
campo de control 20240809063757.0
008 - ELEMENTOS DE LONGITUD FIJA--INFORMACIÓN GENERAL
campo de control de longitud fija 991125s1981 bar 000 0 spa u
020 ## - NÚMERO INTERNACIONAL NORMALIZADO PARA LIBROS
Número Internacional Estándar del Libro 848588700X
035 ## - NÚMERO DE CONTROL DEL SISTEMA
Número de control de sistema UPN01000040844
049 ## - COLECCIÓN
Colección CG
050 #4 - SIGNATURA TOPOGRÁFICA DE LA BIBLIOTECA DEL CONGRESO
Número de clasificación QH371 C6.5
100 1# - ASIENTO PRINCIPAL--NOMBRE PERSONAL
Nombre de persona Cordón, Faustino
245 13 - MENCIÓN DE TÍTULO
Título La naturaleza del hombre a la luz de su origen biológico /
Mención de responsabilidad, etc. Faustino Cordón
260 ## - PUBLICACIÓN, DISTRIBUCIÓN, ETC.
Lugar de publicación, distribución, etc. Barcelona, Esp. :
Nombre del editor, distribuidor, etc. Anthropos editorial del hombre,
Fecha de publicación, distribución, etc. 1981
300 ## - DESCRIPCIÓN FÍSICA
Extensión 160 p
440 #0 - MENCIÓN DE SERIE/ASIENTO SECUNDARIO--TÍTULO
Título Monografías científicas;
Designación de volumen o secuencia 1
650 #2 - ASIENTO SECUNDARIO DE MATERIA - TERMINO TEMATICO
Término de materia o nombre geográfico como elemento de entrada Evolución
9 (RLIN) 4472
650 #4 - ASIENTO SECUNDARIO DE MATERIA - TERMINO TEMATICO
Término de materia o nombre geográfico como elemento de entrada EVOLUCION HUMANA
9 (RLIN) 6969
650 #4 - ASIENTO SECUNDARIO DE MATERIA - TERMINO TEMATICO
Término de materia o nombre geográfico como elemento de entrada Nutrición
9 (RLIN) 2193
904 ## - ELEMENTOS DE DATOS D LOCAL, LDD (RLIN)
a AC
b 040846
905 ## - TIPO DE MATERIAL
Tipo de material Libro
Holdings
Estado de retiro Estado de pérdida Fuente del sistema de clasificación o colocación Estado dañado No para préstamo Código de colección Localización permanente Ubicación/localización actual Ubicación en estantería Enumeración/cronología de publicación seriada Total de préstamos Clasificación Código de barras Fecha visto por última vez Número de copia Tipo de ítem Koha
    Library of Congress Classification     Colección General Bib. Gregorio Torres Quintero Bib. Gregorio Torres Quintero Planta baja - 3 QH371 C6.5 142338 31/12/2020 1 Libro